Las máscaras democráticas del modernismo.

Guardat en:
Dades bibliogràfiques
Autor principal: Rama, Ángel (autor)
Altres autors: Herrera Pardo, Hugo Esteban (Editor)
Format: Llibre
Idioma:anglès
Publicat: Santiago, Chile. Mimesis, 2021
Col·lecció:Colección Tercera Orilla
Matèries:
Etiquetes: Afegir etiqueta
Sense etiquetes, Sigues el primer a etiquetar aquest registre!

MARC

LEADER 00000nam a22000007a 4500
003 CL-VaPUC
005 20240419110721.0
008 210729b2021 ||||| |||| 00| 0 eng d
999 |c 433400  |d 433398 
020 |a 978-956-09145-8-3 
040 |c Pontificia Universidad Católica de Valparaíso 
082 0 4 |2 21  |a 860.998 RAM 2021 
100 1 |a Rama, Ángel   |e autor  |9 862340 
245 1 4 |a Las máscaras democráticas del modernismo. 
260 |a Santiago, Chile.  |b Mimesis,   |c 2021 
300 |a 215 páginas  
490 0 |a Colección Tercera Orilla 
500 |a Donación Prof. Sr. Raúl Rodríguez F., Inst. Literatura Memo 6/2021 21/7/2021 
583 |c 20210729  |k Cristina Rojas 
650 1 |a Literatura y sociedad  |x Modernismo  |z América Latina  |9 862447 
650 1 |a Literatura latinoamericana  |x Crítica e interpretación  |9 862448 
700 |a Herrera Pardo, Hugo Esteban  |e editor  |9 868995 
942 |2 ddc  |c BK 
952 |0 0  |1 0  |2 ddc  |4 0  |6 860_998000000000000_RAM_2021  |7 0  |8 A  |9 578525  |a FDOPOS  |b BIBEDU  |d 2021-07-29  |i 5622948  |l 1  |o 860.998 RAM 2021  |p 5622948  |r 2025-01-22  |s 2024-11-11  |t 1  |w 2021-07-29  |y BK  |k DLH